000 01112nam a2200325 c 4500
999 _c167415
_d167415
003 BLK
005 20220210132615.0
008 180411b bul|||||r ||||||| ||bul||
010 _aKNG00175219000
040 _aBLK
041 _aBUL
_cBUL
072 7 _2bullib
_aК
_xКраезнание
080 _aСелскостопански предприятия. Земевладения
_b631.11
_x(497.215)
_z631.11(497.215)
100 1 _aБоров, Гено
_eпърви автор
_9331512
139 _aБоров, Гено
_bБ 67
245 1 0 _aДвадесет години възход
_b1948 - 1968 : ТКЗС "Първи май" - Русе
_cГено Боров.
257 _aBGR
260 _bТКЗС Първи май
_c1969
_fРусе : печ. Прогрес
300 _a127 с.
_bс ил.
_c21 см
380 _a63
650 4 _aТКЗС
_9317776
651 4 _aРусе
_9179462
653 _aТКЗС
659 _aК
852 _aЦб 62950
852 _aК 63/Б 64 Г
856 4 _qpdf
856 4 _qpdf
942 _cKNG
_n0
_s1
944 _aCR
_c14.05.2015
_kВаля_Йорданова
944 _aED
_c14.05.2015
_kВаля_Йорданова
999 _d167415